| 000 -ლიდერი |
| ფიქსირებული სიგრძის საკონტროლო ველი |
00819nam a2200193Ia 4500 |
| 001 - საკონტროლო ნომერი |
| საკონტროლო ველი |
6478 |
| 003 - საკონტროლო ნომრის იდენტიფიკატორი |
| საკონტროლო ველი |
GE_BSU |
| 005 - ბოლო ოპერაციის თარიღი და დრო |
| საკონტროლო ველი |
20190701174833.0 |
| 008 - ფიქსირებული სიგრძის მონაცემთა ელემენტები - ზოგადი ინფორმაცია |
| ფიქსირებული სიგრძის საკონტროლო ველი |
181216s1979||||ge |||||||||||||| ||geo|| |
| 041 ## - ენის კოდი |
| Language code of text/sound track or separate title |
geo |
| 080 ## - უნივერსალური ათობითი კლასიფიკაციის ინდექსი |
| Universal Decimal Classification number |
621.96 ლ-80 |
| 100 ## - მთავარი ჩანაწერი - პიროვნების სახელი |
| Personal name |
ლოლაძე, თ. |
| 9 (RLIN) |
3140 |
| 245 ## - ცნობა სათაურის შესახებ |
| Title |
მასალების ჭრით დამუშავება : ნაწ. III : ლექციების კონსპექტი / |
| Statement of responsibility, etc |
თ. ლოლაძე ; რედ : მ. ძიძიგური. |
| 264 ## - წარმოების, გამოცემის, დისტრიბუციის და სხვა ცნობები |
| გამოცემის, წარმოების, დისტრიბუციის... ადგილი |
თბილისი : |
| გამოცემის, წარმოების, დისტრიბუციის... სახელწოდება |
სპი, |
| გამოცემის, წარმოების, დისტრიბუციის... თარიღი |
1979. |
| 300 ## - ფიზიკური აღწერა |
| Extent |
64 გვ .: |
| Other physical details |
ილ . |
| Dimensions |
20 სმ . |
| 653 ## - INDEX TERM--UNCONTROLLED |
| Uncontrolled term |
მასალების ჭრით დამუშავება |
| 700 ## - ADDED ENTRY--PERSONAL NAME |
| Personal name |
ძიძიგური, მ |
| Relator term |
რედაქტორი |
| 9 (RLIN) |
472 |
| 942 ## - ADDED ENTRY ELEMENTS (KOHA) |
| Koha item type |
წიგნი |
| Source of classification or shelving scheme |
|